Oznakomitel´naja pojezdka : Čechoslovakija : Bratislavska oblast.
Uložené v:
| Médium: | Kniha |
|---|---|
| Jazyk: | Russian |
| Vydané: |
Bratislava :
Urbion,
1979.
|
| ISBN: |
(brož.) |
| Fyzický popis: |
32 strán. |
| Tagy: |
Pridať tag
Žiadne tagy, Buďte prvý kto otaguje tento záznam!
|
Titul je dostupný aj v ... 

MARC
| LEADER | 00000nam a22000004a 4500 | ||
|---|---|---|---|
| 001 | 000552913 | ||
| 005 | 20170726144545.0 | ||
| 008 | 170726s1979 xo e 000 0 rus d | ||
| 020 | |a (brož.) | ||
| 040 | |a SVKKK |b slo |c SVKKK |e AACR2 | ||
| 041 | 0 | |a rus | |
| 044 | |a xo |c SK | ||
| 245 | 0 | 0 | |a Oznakomitel´naja pojezdka : |b Čechoslovakija : Bratislavska oblast. |
| 260 | |a Bratislava : |b Urbion, |c 1979. | ||
| 300 | |a 32 strán. | ||
| 910 | |a svkkk | ||
| 998 | |a BK | ||
| 090 | |g SCKHL |k Sklad Pribinova 1. posch. |a IV.112436 |j 626619 |i 552913-10 |s Absenčne | ||